Pozycja Personal Name
Liczba rekordów, w których użyto hasła: 1
001 - Numer kontrolny
- control field: 40793
003 - Identyfikator numeru kontrolnego
- control field: NUKAT
005 - Data i czas ostatniej modyfikacji
- control field: 20260428125038.0
008 - Dane kontrolne kodowane (40 znaków)
- fixed length control field: 000418n||azznnbabn |a aaa |
010 ## - Numer kontrolny Biblioteki Kongresu
- numer kontrolny LC: p 2017167241
024 7# - OTHER STANDARD IDENTIFIER
- Standard number or code: 15993908
- Source of number or code: viaf
035 ## - Numer systemowy
- numer systemowy: a10611423
035 ## - Numer systemowy
- numer systemowy: (PL)a0000001061142
040 ## - Instytucja sporządzająca rekord
- inst. przygot. dane do rek. khw: WA N
- język haseł przedmiotowych/tezaurus: DBN
- inst. wprow. rek. khw: WA N
043 ## - Kod obszaru geograficznego
- ISO code: PL
046 ## - Special dates
- Birth date: 1885
- Death date: 1935
100 1# - Hasło - nazwa osobowa
- nazwa osobowa w formie ujednoliconej: Łada Walicka, Janina
- daty biograficzne: (1885-1935)
370 ## - Associated place
- Country: Polska
372 ## - Field of activity
- Field: Literatura polska
372 ## - Field of activity
- Field: Przekłady
372 ## - Field of activity
- Field: Publicystyka
374 ## - Occupation
- Occupation: Pisarze polscy
374 ## - Occupation
- Occupation: Tłumacze i tłumaczki
374 ## - Occupation
- Occupation: Publicyści
375 ## - Gender
- Gender: 2
- Source of term: iso5218
400 1# - Trop zob. - nazwa osobowa
- nazwa osobowa (nazwisko, imiona): Walicka, Janina Łada
400 1# - Trop zob. - nazwa osobowa
- nazwa osobowa (nazwisko, imiona): Walicka, Janina
- daty biograficzne: (1885-1935)
670 ## - Źródło informacji
- źródło informacji: Kuleczka / T. Trilby. - Lwów, 1928.
670 ## - Źródło informacji
- źródło informacji: Czciciele szatana / Janina Walicka. - Warszawa , [1930].
670 ## - Źródło informacji
- źródło informacji: Czciciele szatana / Janina Walicka. - Bydgoszcz, 1989.
670 ## - Źródło informacji
- źródło informacji: Walicka Łada Janina (ok. 1885-1935) / M. Grekowicz-Hausnerowa // Zeszyty Prasoznawcze. R. 15(1974) nr 2, s. 111
- gdzie znaleziono informację: Biogram
670 ## - Źródło informacji
- źródło informacji: PseudPP
670 ## - Źródło informacji
- źródło informacji: Wikipedia
670 ## - Źródło informacji
- źródło informacji: Wrealu.24.
- adres internetowy: https://wrealu24.pl/